Fr. Conceicao Rodrigues College of Engineering

Beginning XML (Record no. 19239)

MARC details
000 -LEADER
fixed length control field 00299nam a2200157Ia 4500
100 ## - MAIN ENTRY--PERSONAL NAME
Personal name Hunter/David
250 ## - EDITION STATEMENT
Edition statement 4
245 ## - TITLE STATEMENT
Title Beginning XML
260 ## - PUBLICATION, DISTRIBUTION, ETC.
Name of publisher, distributor, etc. Wiley India
Date of publication, distribution, etc. 2007
366 ## - TRADE AVAILABILITY INFORMATION
Publishers's discount category 25
300 ## - PHYSICAL DESCRIPTION
Extent 1039
546 ## - LANGUAGE NOTE
Language note ENGLISH
-- Computers
654 ## - SUBJECT ADDED ENTRY--FACETED TOPICAL TERMS
Focus term xml
942 ## - ADDED ENTRY ELEMENTS (KOHA)
Koha item type BOOK
Holdings
Withdrawn status Lost status Damaged status Not for loan Collection Home library Current library Date acquired Source of acquisition Cost, normal purchase price Inventory number Total Checkouts Full call number Barcode Date last seen Cost, replacement price Price effective from Koha item type
        CRC Fr. Agnel's C.Rodrigues College of Engineering Fr. Agnel's C.Rodrigues College of Engineering 17/03/2023 Allied Publishers 411.75 201 dt 27/04/2011   21478 17/03/2023 549.00   BOOK